Loading...
| Beliefs | 6 | 10.00 | 1,200% | 100% | 300% |
| Current Events | 2 | 20.00 | 800% | 500% | 300% |
| Fine Arts - Auditory | 4 | 10.00 | 1,800% | 0% | 300% |
| Fine Arts - Visual | 3 | 6.67 | 0% | 200% | 200% |
| Geography | 1 | 10.00 | 0% | 0% | 600% |
| History - American | 6 | 6.67 | 600% | 200% | 100% |
| History - European | 3 | 13.33 | 1,200% | 400% | 200% |
| History - World | 4 | 5.00 | 900% | 150% | 0% |
| Literature - American | 3 | 3.33 | 0% | 0% | 200% |
| Literature - British | 3 | 13.33 | 1,733% | 200% | 200% |
| Literature - European | 1 | 10.00 | 0% | 0% | 600% |
| Other Science: Astronomy | 1 | 10.00 | 0% | 600% | 0% |
| Other Science: Computer Science | 1 | 10.00 | 0% | 600% | 0% |
| Philosophy | 4 | 15.00 | 900% | 300% | 450% |
| Science - Chemistry | 2 | 10.00 | 1,800% | 300% | 0% |
| Science - Physics | 2 | 10.00 | 0% | 0% | 500% |
| Social Science | 5 | 12.00 | 720% | 240% | 360% |
| 4 | 12.50 | 1,800% | 150% | 300% |